03646nam a2200265 u 450000100070000000500170000700800410002403500110006503500210007604000130009704100080011008200080011810000500012624500500017626000650022630000190029152027400031065000340305065000290308465000300311370000410314394200090318499900170319395201700321014000220260506072729.0970922s1990 spa  a140002 a(OCoLC)777981518 ccomduadb aspa 4a13310aPiedrahita Muñoz, Alberto4auteaut927481510aInvestigación parapsicológica caso Humber aMedellín :bProductora de Ediciones y Comunicacion,c1990. a299 páginas.3 aCONTENIDO : Prólogo. -- CAPÍTULO 1: El profesor Humber Echavarría visto por el Ingo. -- CAPÍTULO 2: Notas a la presentación. Siempre la dificultad de empezar. -- CAPÍTULO 3: Humber Echavarría: médium? parapsicólogo? paragnosta?. -- CAPÍTULO 4: Reunión didáctica y de investigación en la facultad de medicina de la UPB. -- CAPÍTULO 5: Reunión del grupo investigador, viaje astral. -- CAPÍTULO 6: Reunión del grupo de parapsicología, curación de un niño a distancia. -- CAPÍTULO 7: La parapsicología en colombia, narración de Carlos Gaviria, presidente del I.C.E.I. -- CAPÍTULO 8: La era espacial, los Ovnis. -- CAPÍTULO 9: El congreso en Panamá. La otra medicina. -- CAPÍTULO 10: Hacia el año 2000, el Instituto Colombiano de Estudios Interplanetarios. -- CAPÍTULO 11: Grupo del Dr. Piedrahíta. Comprendimos que la parapsicología era un producto del alma. -- CAPÍTULO 12: Anécdotas parapsicológicas de Humber, narradas por el propio Humber. -- CAPÍTULO 13: Humber en Lima, Perú. Se descubren sus facultades ocultas. -- CAPÍTULO 14: Humber con sus compañeros y amigos en Bogotá, demuestra sus facultades de clarividente. -- CAPÍTULO 15: Predicciones de Humber sobre personajes importantes. -- CAPÍTULO 16: Humber con presidentes latinoamericanos y clérigos destacados. -- CAPÍTULO 17: Una experiencia personal, por la parlamentaria Elvira Berrío. -- CAPÍTULO 18: Relato de una sesión de parapsicología. Curación a través de la hipnosis, por el periodista Nicolás Pineda. -- CAPÍTULO 19: Reunión de parapsicología en la facultad de psicología de la Universidad San Buenaventura. -- CAPÍTULO 20: Reunión de parapsicología con periodistas de El Colombiano. Desdoblamiento astral, viaje astral, predicción sobre el general Noriega. -- CAPÍTULO 21: La parapsicología, la energía psi, el magma terrestre, influencia psíquica en las vibraciones del magma y otras fuerzas. -- CAPÍTULO 22: Rastreos psíquicos, secuestro y aparición de Álvaro Gómez Hurtado. -- CAPÍTULO 23: Personajes de la parapsicología y la magia. -- CAPÍTULO 24: Sesión de parapsicología (astrología, viajes astrales de indagación, escritura automática, espiritismo por Carlos Villa, mensajes del más allá, relajación ejercicio práctico). -- CAPÍTULO 25: Ayuda quirúrgica a distancia. Las enfermedades son psicosomáticas. Relato prodigioso, Jesús bajo hipnosis. -- CAPÍTULO 26: Componentes del hombre. El hombre es dual, el hombre es Trino. Cuerpo físico del hombre. Cuerpo astral del hombre. Cuerpo mental del hombre. -- CAPÍTULO 27: Todo sucedió así. Humber, post mortem. -- Epílogo. -- Glosario. 7aParapsicología2lemb976727 7aAstrología2lemb92321 7aClarividencia2lemb9848910aEchavarria, Humber4auteaut9507740 cBOOK c67989d67989 001040708GENaBCbBCd1997-09-22eMaterial adquirido por donacióniC194830l1o133.3 P613ip61000001562657r2024-06-11 00:00:00s2024-05-17t1w2023-04-21yBOOK